L'art de faire la court aux femmes et de s'en faire aimer ou Conseils aux hommes pour reussir en amour (Record no. 162904)

MARC details
000 -LEADER
campo de control de longitud fija 00576nam a2200157 i 4500
001 - NÚMERO DE CONTROL
campo de control 162904
003 - IDENTIFICADOR DE NÚMERO DE CONTROL
campo de control ES-MaACL
005 - FECHA Y HORA DE LA ÚLTIMA TRANSACCIÓN
campo de control 20230906212628.0
008 - DATOS DE LONGITUD FIJA--INFORMACIÓN GENERAL
campo de control de longitud fija 050707s1839 be |||| | fre d
040 ## - FUENTE DE CATALOGACIÓN
Centro catalogador/agencia de origen CAM
Lengua de catalogación spa
Centro/agencia transcriptor CAM
100 1# - ENTRADA PRINCIPAL--NOMBRE DE PERSONA
Nombre de persona Raisson, Horace.
9 (RLIN) 131569
245 12 - MENCIÓN DEL TÍTULO
Título L'art de faire la court aux femmes et de s'en faire aimer ou Conseils aux hommes pour reussir en amour
Resto del título : suivis du courrier des amants /
Mención de responsabilidad, etc. par Horace Raisson.
260 ## - PUBLICACIÓN, DISTRIBUCIÓN, ETC.
Lugar de publicación, distribución, etc. Bruxelles :
Nombre del editor, distribuidor, etc. Libraire Belge-Française,
Fecha de publicación, distribución, etc. 1839.
300 ## - DESCRIPCIÓN FÍSICA
Extensión 202 p. ;
Dimensiones 15 cm.
852 ## - LOCALIZACIÓN
Ubicación ES-MaACL
Número de control de estantería D-3982
Nota libre -- Enc. hol.
Holdings
Estatus retirado Estado de pérdida Estado de daño No para préstamo Colección Biblioteca de origen Biblioteca actual Ubicación en estantería Fecha de adquisición Fuente de adquisición Total de préstamos Signatura topográfica completa Código de barras Visto por última vez Precio de reemplazo Tipo de ítem Koha
        Libros del s. XIX Biblioteca del Ateneo de Madrid Biblioteca del Ateneo de Madrid Sala Valle Inclán 17/01/2008     D-3982 901170684 23/02/2023 23/02/2023 Libro impreso antiguo